Reducing waste through promoting product ecodesign (Record no. 109963)

MARC details
000 -LEADER
fixed length control field 01230cad a22002535a 4500
001 - CONTROL NUMBER
control field E148227
008 - FIXED-LENGTH DATA ELEMENTS--GENERAL INFORMATION
fixed length control field 090820s2009 xxk f s000 0 eng d
020 ## - INTERNATIONAL STANDARD BOOK NUMBER
International Standard Book Number 9780755976201
035 ## - SYSTEM CONTROL NUMBER
System control number (Sirsi) u148227
041 0# - LANGUAGE CODE
Language code of text/sound track or separate title eng
050 04 - LIBRARY OF CONGRESS CALL NUMBER
Classification number 333.72 $2 18
100 2# - MAIN ENTRY--PERSONAL NAME
Personal name Pullinger, Martin
245 00 - TITLE STATEMENT
Title Reducing waste through promoting product ecodesign
Remainder of title a discussion paper
Medium [electronic resource]
260 ## - PUBLICATION, DISTRIBUTION, ETC.
Place of publication, distribution, etc. Edinburgh
Name of publisher, distributor, etc. Scottish Government Social Research
Date of publication, distribution, etc. 2009
505 2# - FORMATTED CONTENTS NOTE
Formatted contents note Introduction -- Methodology -- Context -- Sustainable product design, knowledge and practice -- Policy relating to ecodesign -- Possible Scottish policy interventions -- Conclusions -- Bibliography
520 ## - SUMMARY, ETC.
Summary, etc. Examines ideas for policies that would help to foster the development and use of the principles of ecodesign in Scottish products, in order to contribute to the achievement of a Zero Waste society.
521 ## - TARGET AUDIENCE NOTE
Target audience note Advanced
590 ## - LOCAL NOTE (RLIN)
Local note KA
651 #4 - SUBJECT ADDED ENTRY--GEOGRAPHIC NAME
Geographic name Scotland
Chronological subdivision 1999-
690 ## - LOCAL SUBJECT ADDED ENTRY--TOPICAL TERM (OCLC, RLIN)
Topical term or geographic name as entry element BUILT ENVIRONMENT-CONSTRUCTION DESIGN
690 ## - LOCAL SUBJECT ADDED ENTRY--TOPICAL TERM (OCLC, RLIN)
Topical term or geographic name as entry element ENVIRONMENTAL AND LAND CONSULTANCY-SUSTAINABILITY
856 40 - ELECTRONIC LOCATION AND ACCESS
Uniform Resource Identifier <a href="https://www.scotland.gov.uk/Publications/2009/08/18161245/0">https://www.scotland.gov.uk/Publications/2009/08/18161245/0</a>
Public note View the report free of charge at www.scotland.gov.uk...
942 ## - ADDED ENTRY ELEMENTS (KOHA)
Suppress in OPAC 0
Holdings
Withdrawn status Lost status Source of classification or shelving scheme Damaged status Not for loan Home library Current library Shelving location Date acquired Total Checkouts Full call number Barcode Date last seen Copy number Price effective from Koha item type
    Dewey Decimal Classification     Virtual Virtual Online 20/08/2009   ONLINE PUBLICATION 148227-2001 06/08/2019 1 06/08/2019 Book